[Event "EU-ch Rapid"]
[Site "Katowice"]
[Date "2022.12.17"]
[Round "2"]
[White "Saraci, Nderim"]
[Black "Dzhuguryan, Tygran"]
[Result "1/2-1/2"]
[WhiteElo "2468"]
[BlackElo "2134"]
[PlyCount "148"]
[EventDate "2022.12.17"]
[EventType "swiss (rapid)"]
[EventRounds "11"]
[EventCountry "POL"]
[SourceTitle "CBM 211 Extra"]
[Source "ChessBase"]
[SourceDate "2023.01.31"]
[SourceVersion "1"]
[SourceVersionDate "2023.01.31"]
[SourceQuality "1"]

1. d4 Nf6 2. c4 e6 3. Nf3 d5 4. g3 Bb4+ 5. Bd2 Be7 6. Bg2 0-0 7. 0-0 dxc4 8. Qc2 Na6 9. Qxc4 c5 10. dxc5 Nxc5 11. Nc3 b6 12. Rfd1 Ba6 13. Qd4 Bb7 14. Bf4 Qxd4 15. Nxd4 Bxg2 16. Kxg2 Nfe4 17. Nxe4 Nxe4 18. f3 Nc5 19. Rac1 Bf6 20. b4 Na4 21. Nb5 a5 22. Bd6 Rfd8 23. e4 Bb2 24. Rb1 axb4 25. Bxb4 Rac8 26. Rxd8+ Rxd8 27. Re1 Rc8 28. Re2 Rc4 29. a3 h5 30. Kf2 Bc1 31. Nd6 Rc6 32. Nb5 Rc4 33. f4 Nc5 34. Kf3 Nd3 35. Bd6 Nc5 36. Bxc5 Rxc5 37. a4 Rc4 38. Ra2 g5 39. fxg5 Bxg5 40. a5 bxa5 41. Rxa5 Rc5 42. Ra8+ Kg7 43. Nd6 Rc3+ 44. Kg2 Rc2+ 45. Kf3 Rc3+ 46. Kg2 Rc2+ 47. Kh3 Be3 48. Ra1 Rd2 49. Nc4 Rd3 50. Rf1 Bd4 51. Nd6 f6 52. Ne8+ Kg6 53. Nc7 Kf7 54. Na6 Re3 55. Rf4 Kg6 56. Nb4 Re2 57. Rf1 Rxe4 58. Nd3 Be5 59. Nc5 Re2 60. Nxe6 Bxg3 61. Nd4 Re4 62. hxg3 Rxd4 63. Rb1 Rd3 64. Rb5 f5 65. Rb4 Kg5 66. Kg2 Re3 67. Rc4 Re4 68. Rc8 h4 69. Rg8+ Kf6 70. Rf8+ Kg6 71. gxh4 Rxh4 72. Kf3 Rb4 73. Rc8 Kg5 74. Rg8+ Kf6 1/2-1/2

[Event "Bydgoszcz op-A"]
[Site "Bydgoszcz"]
[Date "2022.07.03"]
[Round "9"]
[White "Dzhuguryan, Tygran"]
[Black "Lambrecht, Tomasz"]
[Result "1-0"]
[WhiteElo "2203"]
[BlackElo "1956"]
[PlyCount "91"]
[EventDate "2022.06.25"]
[EventType "swiss"]
[EventRounds "10"]
[EventCountry "POL"]
[SourceTitle "CBM 209 Extra"]
[Source "ChessBase"]
[SourceDate "2022.09.30"]
[SourceVersion "1"]
[SourceVersionDate "2022.09.30"]
[SourceQuality "1"]

1. d4 Nf6 2. c4 g6 3. Nc3 d5 4. e3 Bg7 5. Nf3 0-0 6. Bd2 c6 7. b4 Bg4 8. h3 Bxf3 9. Qxf3 e6 10. cxd5 cxd5 11. Bd3 Nc6 12. b5 Ne7 13. 0-0 Qd7 14. Na4 b6 15. Bb4 Rfc8 16. Rfc1 Rxc1+ 17. Rxc1 Rc8 18. Qd1 Bf8 19. Rxc8 Nxc8 20. Bxf8 Kxf8 21. Nb2 Nd6 22. a4 Qc7 23. Qc2 Qxc2 24. Bxc2 Ke7 25. Nd3 Nc4 26. Nb4 Na5 27. Kf1 Ne8 28. Ke2 Kd6 29. e4 Nc7 30. e5+ Ke7 31. h4 Ne8 32. h5 Kf8 33. h6 Nc7 34. Ke3 f5 35. exf6 Kf7 36. Kf4 Kxf6 37. g4 Nc4 38. g5+ Kf7 39. Nc6 a5 40. Ne5+ Nxe5 41. Kxe5 Ne8 42. Bd1 Ke7 43. Bg4 Nd6 44. Bxe6 Ne4 45. f4 Nc3 46. f5 1-0

[Event "Bydgoszcz op-A"]
[Site "Bydgoszcz"]
[Date "2022.06.28"]
[Round "4"]
[White "Syrkiewicz, Michal"]
[Black "Dzhuguryan, Tygran"]
[Result "1-0"]
[WhiteElo "1986"]
[BlackElo "2203"]
[PlyCount "136"]
[EventDate "2022.06.25"]
[EventType "swiss"]
[EventRounds "10"]
[EventCountry "POL"]
[SourceTitle "CBM 209 Extra"]
[Source "ChessBase"]
[SourceDate "2022.09.30"]
[SourceVersion "1"]
[SourceVersionDate "2022.09.30"]
[SourceQuality "1"]

1. e4 c6 2. c4 d5 3. exd5 cxd5 4. cxd5 Nf6 5. Nc3 g6 6. Bc4 Bg7 7. Nge2 0-0 8. 0-0 Na6 9. d3 Nc7 10. Qb3 b5 11. Bxb5 Rb8 12. Qc4 Nxb5 13. Nxb5 Ba6 14. Nec3 Qa5 15. a4 Rfc8 16. Qa2 Rb7 17. Be3 Ng4 18. d6 exd6 19. Bf4 Rd8 20. Bg5 Rdd7 21. Qc4 Nf6 22. Qh4 Ne8 23. Rae1 Rb8 24. Qg4 Bxb5 25. Nxb5 Rdb7 26. Rxe8+ Rxe8 27. Nxd6 Rb4 28. Qd7 Rf8 29. Be7 Qxa4 30. Qxa4 Rxa4 31. Bxf8 Kxf8 32. Nc4 Rb4 33. Ra1 Bd4 34. Kf1 Rb7 35. Ra2 h5 36. Ra1 Rb5 37. Ke2 Rf5 38. Ne3 Rb5 39. Nc4 Rf5 40. Rf1 Ke7 41. f4 Kd7 42. Kf3 Rb5 43. Ke4 Bh8 44. d4 Rb4 45. Kd3 Rb3+ 46. Kc2 Rb4 47. Kc3 Ra4 48. f5 Ke7 49. Kd3 Rb4 50. fxg6 fxg6 51. Re1+ Kf7 52. Ra1 Ke6 53. Rxa7 Rb8 54. Ra6+ Kf5 55. Nd6+ Kf4 56. Nf7 g5 57. Nxh8 Rxh8 58. Rf6+ Kg4 59. d5 h4 60. d6 h3 61. g3 Rb8 62. d7 Rd8 63. Rf7 Kh5 64. Kc4 Kg6 65. Re7 Kf6 66. Rh7 g4 67. Kd5 Kg6 68. Re7 Kf6 1-0

[Event "Bydgoszcz op-A"]
[Site "Bydgoszcz"]
[Date "2022.06.27"]
[Round "3"]
[White "Dzhuguryan, Tygran"]
[Black "Janik, Igor"]
[Result "0-1"]
[WhiteElo "2203"]
[BlackElo "2519"]
[PlyCount "99"]
[EventDate "2022.06.25"]
[EventType "swiss"]
[EventRounds "10"]
[EventCountry "POL"]
[SourceTitle "CBM 209 Extra"]
[Source "ChessBase"]
[SourceDate "2022.09.30"]
[SourceVersion "1"]
[SourceVersionDate "2022.09.30"]
[SourceQuality "1"]

1. d4 g6 2. c4 Bg7 3. e4 d6 4. h3 Nc6 5. Nf3 e5 6. d5 Nce7 7. Nc3 f5 8. Bd3 Nf6 9. Be3 0-0 10. Qc2 h6 11. Nh4 f4 12. Bd2 g5 13. Nf3 c5 14. dxc6 Nxc6 15. Nd5 Be6 16. Bc3 Rc8 17. Qb3 Nd7 18. Qd1 a5 19. a3 Bf7 20. b4 axb4 21. axb4 Ne7 22. Rc1 Nxd5 23. cxd5 Nf6 24. Nd2 h5 25. f3 Be8 26. Nc4 Rf7 27. Qe2 Rfc7 28. Kd2 Bg6 29. Ba1 Bf8 30. Rc2 Qe8 31. Nb6 Rxc2+ 32. Bxc2 Rc7 33. Bb2 Qd8 34. Bd3 g4 35. hxg4 hxg4 36. Qf2 Rg7 37. Nc4 Nh5 38. Qh4 Be7 39. Qxg4 Bf7 40. Qh3 b5 41. Na5 Qb6 42. Re1 Ng3 43. Bc3 Rh7 44. Qc8+ Bf8 45. Nc6 Rh2 46. Ne7+ Kg7 47. Qg4+ Kh7 48. Nf5 Bh5 49. Qg5 Rxg2+ 50. Re2 0-1

[Event "Bydgoszcz op-A"]
[Site "Bydgoszcz"]
[Date "2022.06.26"]
[Round "2"]
[White "Skurniak, Szymon"]
[Black "Dzhuguryan, Tygran"]
[Result "0-1"]
[WhiteElo "2021"]
[BlackElo "2203"]
[PlyCount "135"]
[EventDate "2022.06.25"]
[EventType "swiss"]
[EventRounds "10"]
[EventCountry "POL"]
[SourceTitle "CBM 209 Extra"]
[Source "ChessBase"]
[SourceDate "2022.09.30"]
[SourceVersion "1"]
[SourceVersionDate "2022.09.30"]
[SourceQuality "1"]

1. e4 c6 2. c4 d5 3. cxd5 cxd5 4. exd5 Nf6 5. Nc3 Nxd5 6. Nf3 e6 7. d4 Bb4 8. Bd2 0-0 9. Bd3 Be7 10. 0-0 Nc6 11. a3 Bf6 12. Qe2 Nxd4 13. Nxd4 Bxd4 14. Bxh7+ Kxh7 15. Qd3+ Kg8 16. Qxd4 Nxc3 17. Qxc3 Bd7 18. Rad1 Qc8 19. Qg3 f6 20. Bb4 Re8 21. h4 Bb5 22. Rc1 Bc6 23. h5 Qd7 24. Rc4 Qf7 25. Rg4 Kh7 26. Bc3 Rad8 27. Qe3 Rd5 28. h6 gxh6 29. Qxa7 Rg8 30. Rxg8 Qxg8 31. f3 e5 32. Qe3 Qg6 33. Qe4 Qxe4 34. fxe4 Rd6 35. Re1 Kg6 36. Kf2 h5 37. Re3 Rd1 38. Ke2 Rh1 39. Rg3+ Kf7 40. Kd3 Rh4 41. Re3 Bb5+ 42. Kd2 Rh2 43. Rh3 Rxg2+ 44. Ke3 Kg6 45. Kf3 Rg4 46. Rg3 Be2+ 47. Kf2 h4 48. Rxg4+ Bxg4 49. a4 Bd1 50. a5 Kg5 51. Bb4 Ba4 52. Be7 Bc6 53. Kf3 h3 54. Kg3 Bxe4 55. Kxh3 Kf5 56. Kg3 Ke6 57. Bd8 f5 58. Kf2 f4 59. Bc7 Bd3 60. b4 Kf5 61. Bb8 e4 62. Ba7 Bc4 63. Bb8 e3+ 64. Kf3 Bd5+ 65. Ke2 Ke4 66. Ke1 Bc4 67. Bc7 f3 68. Bg3 0-1

[Event "Bialystok Zamenhof Memorial 41st"]
[Site "Bialystok"]
[Date "2022.??.??"]
[Round "8"]
[White "Baginskaite, Camilla"]
[Black "Dzhuguryan, Tygran"]
[Result "1-0"]
[WhiteElo "2117"]
[BlackElo "2134"]
[PlyCount "73"]
[EventDate "2022.12.27"]
[EventType "swiss"]
[EventRounds "9"]
[EventCountry "POL"]
[SourceTitle "CBM 211 Extra"]
[Source "ChessBase"]
[SourceDate "2023.01.31"]
[SourceVersion "1"]
[SourceVersionDate "2023.01.31"]
[SourceQuality "1"]

1. d4 Nf6 2. Nf3 e6 3. c4 d5 4. Nc3 Be7 5. Bg5 0-0 6. e3 Nbd7 7. cxd5 exd5 8. Bd3 Re8 9. 0-0 c6 10. Qc2 h6 11. Bf4 Nf8 12. h3 Ne6 13. Bh2 Bd6 14. Bxd6 Qxd6 15. Ne5 a6 16. f4 c5 17. Qf2 Bd7 18. Rad1 cxd4 19. exd4 b5 20. a3 b4 21. axb4 Reb8 22. f5 Ng5 23. h4 Nge4 24. Bxe4 dxe4 25. g4 Bb5 26. Rfe1 Bd3 27. g5 Nd7 28. Nxd3 exd3 29. b5 Re8 30. Rxd3 Ne5 31. Rde3 Qxd4 32. Rxe5 Qxe5 33. Rxe5 Rxe5 34. b6 hxg5 35. hxg5 Rae8 36. b7 f6 37. Qa7 1-0

[Event "Rubinstein Memorial op-A 57th"]
[Site "Polanica Zdroj"]
[Date "2021.08.15"]
[Round "2"]
[White "Praczukowski, Stanislaw"]
[Black "Dzhuguryan, Tygran"]
[Result "1/2-1/2"]
[WhiteElo "2073"]
[BlackElo "2214"]
[PlyCount "105"]
[EventDate "2021.08.14"]
[EventType "swiss"]
[EventRounds "9"]
[EventCountry "POL"]
[SourceTitle "CBM 203 Extra"]
[Source "ChessBase"]
[SourceDate "2021.09.30"]
[SourceVersion "1"]
[SourceVersionDate "2021.09.30"]
[SourceQuality "1"]

1. d4 Nf6 2. c4 e6 3. Nf3 d5 4. g3 Be7 5. Bg2 0-0 6. 0-0 c6 7. Nbd2 Nbd7 8. Qc2 b6 9. e4 Bb7 10. e5 Ne8 11. cxd5 cxd5 12. Re1 Ba6 13. Bf1 Bxf1 14. Nxf1 Qc8 15. Qb1 Nc7 16. Bg5 Qd8 17. h4 h6 18. Bd2 Rc8 19. Qd3 Nb8 20. Rec1 Qd7 21. Ne3 Nca6 22. a3 Rxc1+ 23. Rxc1 Rc8 24. Rxc8+ Qxc8 25. Qc3 Qxc3 26. Bxc3 b5 27. Kf1 Nc6 28. Nc2 h5 29. Ke2 Nab8 30. Nfe1 Nd7 31. Nd3 a5 32. b4 a4 33. Ne3 Nb6 34. Nf4 g6 35. Kd3 Nc4 36. Nxc4 bxc4+ 37. Ke3 Na7 38. Bb2 Nb5 39. Ne2 g5 40. hxg5 Bxg5+ 41. f4 Be7 42. Nc3 Nxc3 43. Bxc3 Kf8 44. Kf3 Ke8 45. g4 hxg4+ 46. Kxg4 Kd7 47. Kh5 Bf8 48. Kg5 Bg7 49. f5 exf5 50. Kxf5 Kc6 51. Kg5 Kb5 52. Kf5 Kc6 53. Kg5 1/2-1/2

[Event "Suwalki Warakomska Memorial 5th"]
[Site "Suwalki"]
[Date "2021.07.30"]
[Round "5"]
[White "Dzhuguryan, Tygran"]
[Black "Schippers, Maurice"]
[Result "1/2-1/2"]
[WhiteElo "2176"]
[BlackElo "2292"]
[PlyCount "31"]
[EventDate "2021.07.27"]
[EventType "swiss"]
[EventRounds "9"]
[EventCountry "POL"]
[SourceTitle "CBM 203 Extra"]
[Source "ChessBase"]
[SourceDate "2021.09.30"]
[SourceVersion "1"]
[SourceVersionDate "2021.09.30"]
[SourceQuality "1"]

1. d4 d6 2. c4 g6 3. e4 Bg7 4. Ne2 e5 5. d5 Ne7 6. Be3 f5 7. f3 Nd7 8. Nd2 Nf6 9. h3 Nh5 10. Qa4+ Bd7 11. Qb3 b6 12. g4 Nf4 13. Nxf4 exf4 14. Bxf4 fxe4 15. Nxe4 0-0 16. Bd2 1/2-1/2

[Event "Suwalki Warakomska Memorial 5th"]
[Site "Suwalki"]
[Date "2021.07.28"]
[Round "2"]
[White "Dzhuguryan, Tygran"]
[Black "Chyzy, Jakub"]
[Result "0-1"]
[WhiteElo "2176"]
[BlackElo "2257"]
[PlyCount "110"]
[EventDate "2021.07.27"]
[EventType "swiss"]
[EventRounds "9"]
[EventCountry "POL"]
[SourceTitle "CBM 203 Extra"]
[Source "ChessBase"]
[SourceDate "2021.09.30"]
[SourceVersion "1"]
[SourceVersionDate "2021.09.30"]
[SourceQuality "1"]

1. d4 d5 2. c4 e5 3. dxe5 d4 4. Nf3 Nc6 5. a3 Bg4 6. Nbd2 Qe7 7. h3 Bh5 8. b4 0-0-0 9. Qa4 Nxe5 10. Nxe5 Qxe5 11. Bb2 Kb8 12. Qb5 Qxb5 13. cxb5 Be7 14. Nb3 Bf6 15. Rd1 d3 16. Bxf6 Nxf6 17. Rxd3 Rxd3 18. exd3 Rd8 19. Be2 Bg6 20. 0-0 Nd5 21. Bf3 Bxd3 22. Rd1 Nc3 23. Rd2 Nb1 24. Rd1 Nc3 25. Rd2 Rd6 26. Nc5 Bxb5 27. Rc2 Nd5 28. a4 Bd7 29. Re2 b6 30. Nxd7+ Rxd7 31. Re8+ Kb7 32. b5 c6 33. Rf8 a6 34. Bg4 Rc7 35. Rd8 axb5 36. axb5 Re7 37. Rd6 Nb4 38. Rd4 Nd5 39. Bf3 Re5 40. Be4 Kc7 41. bxc6 Kxc6 42. Bxh7 g6 43. Bg8 Re7 44. g4 Kc5 45. Rd3 Nf6 46. Rd8 b5 47. Rf8 Nxg8 48. Rxg8 Rb7 49. Rc8+ Kd4 50. h4 b4 51. Kg2 b3 52. Rd8+ Kc3 53. Rc8+ Kb4 54. Re8 b2 55. Re1 Kc3 0-1

[Event "Suwalki Warakomska Memorial 5th"]
[Site "Suwalki"]
[Date "2021.07.27"]
[Round "1"]
[White "Kosakowski, Jakub"]
[Black "Dzhuguryan, Tygran"]
[Result "1/2-1/2"]
[WhiteElo "2417"]
[BlackElo "2176"]
[PlyCount "109"]
[EventDate "2021.07.27"]
[EventType "swiss"]
[EventRounds "9"]
[EventCountry "POL"]
[SourceTitle "CBM 203 Extra"]
[Source "ChessBase"]
[SourceDate "2021.09.30"]
[SourceVersion "1"]
[SourceVersionDate "2021.09.30"]
[SourceQuality "1"]

1. Nf3 d5 2. b3 Bf5 3. Bb2 e6 4. e3 h6 5. d4 Nf6 6. Bd3 c6 7. Bxf5 exf5 8. Qd3 Qd7 9. 0-0 Bd6 10. c4 0-0 11. Nc3 Qe6 12. cxd5 Nxd5 13. Nh4 Nxc3 14. Qxc3 Re8 15. g3 Qd5 16. f3 Nd7 17. Rae1 Nf6 18. Qc2 g6 19. Ng2 Bc7 20. Nf4 Bxf4 21. gxf4 Re6 22. Kf2 Rae8 23. Rg1 Kh7 24. Qc3 Rg8 25. Qc5 Qxc5 26. dxc5 Nd5 27. a3 Rge8 28. Bd4 h5 29. h4 f6 30. b4 a6 31. Rh1 Kg7 32. Rhg1 Kf7 33. Rh1 R6e7 34. Rhg1 Rd7 35. Rd1 Red8 36. Ba1 Nc7 37. Rxd7+ Rxd7 38. Ke2 Ne6 39. Bc3 Rd8 40. a4 Rd7 41. Rc1 Rd8 42. Be1 Rd7 43. Rb1 Nc7 44. Bd2 Ke6 45. Bc3 Kf7 46. Bd4 Ne6 47. Kd3 Rd5 48. Kc4 g5 49. hxg5 fxg5 50. fxg5 Nxg5 51. f4 Nf3 52. Rh1 Kg6 53. b5 axb5+ 54. axb5 h4 55. Rh3 1/2-1/2

[Event "Warsaw Najdorf Memorial op-A"]
[Site "Warsaw"]
[Date "2021.07.17"]
[Round "8"]
[White "Dzhuguryan, Tygran"]
[Black "Suvorov, Alexander David"]
[Result "1/2-1/2"]
[WhiteElo "2176"]
[BlackElo "2336"]
[PlyCount "79"]
[EventDate "2021.07.10"]
[EventType "swiss"]
[EventRounds "9"]
[EventCountry "POL"]
[SourceTitle "CBM 203 Extra"]
[Source "ChessBase"]
[SourceDate "2021.09.30"]
[SourceVersion "1"]
[SourceVersionDate "2021.09.30"]
[SourceQuality "1"]

1. d4 Nf6 2. c4 e6 3. Nf3 d5 4. Nc3 Bb4 5. cxd5 exd5 6. Bg5 h6 7. Bh4 0-0 8. e3 Bf5 9. Qb3 Bxc3+ 10. Qxc3 Nbd7 11. Rc1 c6 12. Qa3 g5 13. Bg3 Ne4 14. Be2 h5 15. Nd2 Nxd2 16. Kxd2 h4 17. Bd6 Re8 18. h3 Re6 19. Bh2 Qf6 20. b4 b6 21. Qc3 a5 22. b5 Rc8 23. Rhd1 Qg6 24. Ke1 Nf6 25. bxc6 Ne4 26. Qb2 Rcxc6 27. Bb5 Rxc1 28. Rxc1 Nd6 29. Bxd6 Rxd6 30. f3 Bd3 31. Kd2 Bxb5 32. Qxb5 Qe6 33. Qa6 Rd8 34. Qb7 Qd6 35. Qc7 Qb4+ 36. Qc3 Qd6 37. Qc7 Qb4+ 38. Qc3 Qd6 39. Qc7 Qb4+ 40. Qc3 1/2-1/2

[Event "Warsaw Najdorf Memorial op-A"]
[Site "Warsaw"]
[Date "2021.07.16"]
[Round "7"]
[White "Reza, Wojciech"]
[Black "Dzhuguryan, Tygran"]
[Result "0-1"]
[WhiteElo "2304"]
[BlackElo "2176"]
[PlyCount "70"]
[EventDate "2021.07.10"]
[EventType "swiss"]
[EventRounds "9"]
[EventCountry "POL"]
[SourceTitle "EXT 2022"]
[Source "ChessBase"]
[SourceDate "2021.10.06"]
[SourceVersion "1"]
[SourceVersionDate "2021.10.06"]
[SourceQuality "1"]

1. e4 c6 2. d4 d5 3. Nc3 h6 4. Nf3 dxe4 5. Nxe4 Bf5 6. Bd3 Bxe4 7. Bxe4 Nf6 8. Bd3 e6 9. Qe2 Nbd7 10. 0-0 Bd6 11. c4 0-0 12. Bd2 Re8 13. Bc3 Qe7 14. Qd2 Rad8 15. Rfe1 Qf8 16. b4 Bb8 17. Rad1 Qd6 18. Qb2 Qc7 19. Ne5 Nxe5 20. dxe5 Nh7 21. g3 Nf8 22. h4 Re7 23. Bb1 Red7 24. Rc1 a6 25. Re4 Ba7 26. Kg2 Rd1 27. Rxd1 Rxd1 28. Bd2 Qd8 29. Re2 Qd4 30. Qc2 Rxb1 31. Qxb1 Qxc4 32. Re4 Qd5 33. Bc3 Ng6 34. Kg1 Ne7 35. Re1 Qf3 0-1

[Event "Warsaw Najdorf Memorial op-A"]
[Site "Warsaw"]
[Date "2021.07.11"]
[Round "2"]
[White "Dzhuguryan, Tygran"]
[Black "Gumularz, Szymon"]
[Result "0-1"]
[WhiteElo "2176"]
[BlackElo "2515"]
[PlyCount "84"]
[EventDate "2021.07.10"]
[EventType "swiss"]
[EventRounds "9"]
[EventCountry "POL"]
[SourceTitle "CBM 203 Extra"]
[Source "ChessBase"]
[SourceDate "2021.09.30"]
[SourceVersion "1"]
[SourceVersionDate "2021.09.30"]
[SourceQuality "1"]

1. d4 d6 2. Nf3 Nf6 3. c4 g6 4. Nc3 Bf5 5. Nh4 Bd7 6. e4 e5 7. Nf3 Bg7 8. d5 a5 9. Be2 Na6 10. 0-0 Nc5 11. Qc2 0-0 12. Be3 Ng4 13. Bg5 f6 14. Bc1 f5 15. Ng5 Nf6 16. Be3 Qe7 17. exf5 gxf5 18. Rae1 b6 19. f3 Rae8 20. Kh1 h6 21. Nh3 Qf7 22. a3 a4 23. Bxc5 dxc5 24. Bd3 Qh5 25. Nf2 Kh8 26. Nxa4 e4 27. fxe4 fxe4 28. Be2 Qh4 29. g3 Qg5 30. Nc3 e3 31. Nfe4 Nxe4 32. Nxe4 Qe5 33. Nc3 Rf2 34. Rxf2 exf2 35. Rf1 Bf5 36. Bd3 Bh3 37. Qxf2 Rf8 38. Qg1 Bxf1 39. Bxf1 Qe1 40. Bd3 Qd2 41. Bf1 Bd4 42. Qg2 Qe1 0-1

[Event "Ustron op-A"]
[Site "Ustron"]
[Date "2020.08.20"]
[Round "8"]
[White "Dzhuguryan, Tygran"]
[Black "Ochedzan, Tymon"]
[Result "0-1"]
[WhiteElo "2194"]
[BlackElo "2169"]
[PlyCount "86"]
[EventDate "2020.08.15"]
[EventType "swiss"]
[EventRounds "9"]
[EventCountry "POL"]
[SourceTitle "CBM 197 Extra"]
[Source "ChessBase"]
[SourceDate "2020.09.30"]
[SourceVersion "1"]
[SourceVersionDate "2020.09.30"]
[SourceQuality "1"]

1. d4 Nf6 2. c4 c5 3. d5 b5 4. cxb5 a6 5. bxa6 g6 6. Nc3 Bg7 7. e4 0-0 8. Nf3 Qa5 9. Bd2 Bxa6 10. a4 Bxf1 11. Kxf1 Qb4 12. Qc2 Na6 13. e5 Qc4+ 14. Kg1 Nb4 15. Qb1 Nfxd5 16. h4 Nd3 17. h5 Nxe5 18. Ng5 Nxc3 19. Bxc3 Qg4 20. Bxe5 Bxe5 21. Nf3 Bf6 22. hxg6 fxg6 23. Qd3 Kh8 24. a5 Bxb2 25. Re1 c4 26. Qd2 Bf6 27. Ne5 Bxe5 28. Rxe5 Rf7 29. f3 Qg3 30. Qd4 Kg8 31. Rh3 Qf4 32. Qd5 Ra7 33. Rxe7 c3 34. Re8+ Kg7 35. Qc5 Rc7 36. Qb6 c2 37. Qb2+ Qf6 38. Qc1 Qd4+ 39. Kf1 Qf4 40. Qb2+ Rf6 41. Re7+ Kf8 42. Qb8+ Kxe7 43. Rxh7+ Rf7 0-1

[Event "Ustron op-A"]
[Site "Ustron"]
[Date "2020.08.17"]
[Round "5"]
[White "Dzhuguryan, Tygran"]
[Black "Krzywda, Andrzej"]
[Result "0-1"]
[WhiteElo "2194"]
[BlackElo "2156"]
[PlyCount "152"]
[EventDate "2020.08.15"]
[EventType "swiss"]
[EventRounds "9"]
[EventCountry "POL"]
[SourceTitle "CBM 197 Extra"]
[Source "ChessBase"]
[SourceDate "2020.09.30"]
[SourceVersion "1"]
[SourceVersionDate "2020.09.30"]
[SourceQuality "1"]

1. d4 Nf6 2. c4 e6 3. Nc3 Bb4 4. Qc2 0-0 5. e3 b6 6. Bd3 Bb7 7. Nf3 d5 8. 0-0 Nbd7 9. a3 Bxc3 10. bxc3 dxc4 11. Bxc4 c5 12. Qe2 Qc7 13. Bd3 e5 14. Nxe5 Nxe5 15. dxe5 Qxe5 16. Bb2 Rad8 17. c4 Qg5 18. f4 Qxg2+ 19. Qxg2 Bxg2 20. Rfd1 Bc6 21. Bxf6 gxf6 22. Kf2 Ba4 23. Rg1+ Kh8 24. Be4 Rd2+ 25. Kf3 Rxh2 26. Rh1 Rxh1 27. Rxh1 Bb3 28. Bxh7 Kg7 29. Bd3 Rd8 30. Ke2 Rd6 31. Rb1 Ba4 32. Be4 Rd8 33. Rg1+ Kf8 34. Bd5 f5 35. Rh1 Kg7 36. Rg1+ Kf6 37. Rh1 Bc2 38. Rh7 Kg6 39. Rh1 Be4 40. Rg1+ Kf6 41. Bxe4 fxe4 42. Rg5 Rd3 43. Re5 Rxa3 44. Rxe4 a5 45. Re8 Rb3 46. Kd2 Kf5 47. Kc2 Rb4 48. Kc3 f6 49. Re7 Rb1 50. Kc2 Rb4 51. Kc3 a4 52. Kd3 a3 53. Ra7 Rb3+ 54. Ke2 Rb2+ 55. Kf3 a2 56. Ra6 Ke6 57. Ke4 f5+ 58. Kd3 Kd7 59. Kc3 Re2 60. Kd3 Rf2 61. Kc3 Kc7 62. Kb3 Re2 63. Rxa2 Rxe3+ 64. Ka4 Rf3 65. Ra3 Rxa3+ 66. Kxa3 Kc6 67. Ka4 b5+ 68. cxb5+ Kb6 69. Kb3 Kxb5 70. Kc3 Kc6 71. Kc4 Kd6 72. Kc3 Kd5 73. Kd3 c4+ 74. Kc3 Kc5 75. Kc2 Kd4 76. Kd2 Ke4 0-1

[Event "Ustron op-A"]
[Site "Ustron"]
[Date "2020.08.15"]
[Round "2"]
[White "Dwilewicz, Katarzyna"]
[Black "Dzhuguryan, Tygran"]
[Result "1-0"]
[WhiteElo "2120"]
[BlackElo "2194"]
[PlyCount "75"]
[EventDate "2020.08.15"]
[EventType "swiss"]
[EventRounds "9"]
[EventCountry "POL"]
[SourceTitle "CBM 197 Extra"]
[Source "ChessBase"]
[SourceDate "2020.09.30"]
[SourceVersion "1"]
[SourceVersionDate "2020.09.30"]
[SourceQuality "1"]

1. e4 c6 2. d4 d5 3. exd5 cxd5 4. Bd3 Nc6 5. c3 Nf6 6. Bf4 g6 7. Nd2 Bf5 8. Bxf5 gxf5 9. h3 Rg8 10. Qf3 e6 11. Ne2 Ne4 12. 0-0-0 Rc8 13. Kb1 Qh4 14. g3 Qf6 15. Qe3 Na5 16. f3 Nd6 17. Nc1 Ndc4 18. Nxc4 Nxc4 19. Qe2 Bd6 20. Nd3 Bxf4 21. Nxf4 Kf8 22. h4 a6 23. Rde1 Rc6 24. Ka1 Rb6 25. b3 Na3 26. Rhg1 Rc6 27. Qd2 b5 28. Nd3 f4 29. Qb2 Qe7 30. Nb4 Rc8 31. Qxa3 Rxc3 32. Qa5 Rxf3 33. gxf4 Qxh4 34. Nxd5 Rxg1 35. Rxg1 exd5 36. Qb4+ Ke8 37. Qd6 f6 38. Qe6+ 1-0

[Event "Trzcianka Dziedzic Memorial 9th"]
[Site "Trzcianka"]
[Date "2019.10.13"]
[Round "6"]
[White "Dzhuguryan, Tygran"]
[Black "Lubczynski, Rafal"]
[Result "0-1"]
[WhiteElo "2040"]
[BlackElo "2330"]
[PlyCount "116"]
[EventDate "2019.10.13"]
[EventType "swiss (rapid)"]
[EventRounds "9"]
[EventCountry "POL"]
[SourceTitle "CBM 192 Extra"]
[Source "Chessbase"]
[SourceDate "2019.11.06"]
[SourceVersion "1"]
[SourceVersionDate "2019.11.06"]
[SourceQuality "1"]

1. d4 d6 2. c4 e5 3. dxe5 dxe5 4. Qxd8+ Kxd8 5. Nc3 Be6 6. b3 Nd7 7. Bd2 c6 8. g3 Kc7 9. Bh3 Nc5 10. Bxe6 Nxe6 11. Nf3 f6 12. 0-0-0 Ne7 13. g4 Ng6 14. Kc2 h5 15. h3 a5 16. Ne4 Nc5 17. Nxc5 Bxc5 18. e3 b6 19. Bc3 Rad8 20. Rxd8 Kxd8 21. g5 Ke7 22. Rg1 Kf7 23. gxf6 gxf6 24. Rd1 Ke6 25. Rg1 Kf7 26. Kd3 Rd8+ 27. Ke2 Ne7 28. Nh4 Bb4 29. Rc1 Ke6 30. a4 Bxc3 31. Rxc3 e4 32. f3 f5 33. Ng2 Ng6 34. c5 b5 35. axb5 cxb5 36. fxe4 fxe4 37. c6 Kd6 38. Nf4 Nxf4+ 39. exf4 Rc8 40. Rc1 Rxc6 41. Rd1+ Ke6 42. Ke3 Rc3+ 43. Kxe4 Rxb3 44. f5+ Ke7 45. Rd5 a4 46. Ke5 a3 47. f6+ Ke8 48. Rc5 a2 49. Rc8+ Kf7 50. Rc7+ Ke8 51. Ra7 Rb2 52. f7+ Kf8 53. Ke6 Re2+ 54. Kf6 Rf2+ 55. Ke6 Kg7 56. Kd5 b4 57. Kc4 Rb2 58. h4 b3 0-1

[Event "Trzcianka Dziedzic Memorial 9th"]
[Site "Trzcianka"]
[Date "2019.10.13"]
[Round "3"]
[White "Socko, Monika"]
[Black "Dzhuguryan, Tygran"]
[Result "1-0"]
[WhiteElo "2386"]
[BlackElo "2040"]
[PlyCount "103"]
[EventDate "2019.10.13"]
[EventType "swiss (rapid)"]
[EventRounds "9"]
[EventCountry "POL"]
[SourceTitle "CBM 192 Extra"]
[Source "Chessbase"]
[SourceDate "2019.11.06"]
[SourceVersion "1"]
[SourceVersionDate "2019.11.06"]
[SourceQuality "1"]

1. d4 Nf6 2. c4 e6 3. Nf3 b6 4. a3 Bb7 5. Nc3 d5 6. cxd5 exd5 7. Bg5 Be7 8. e3 0-0 9. Bd3 c5 10. 0-0 Na6 11. Rc1 Nc7 12. Ne5 Ne6 13. Bh4 cxd4 14. exd4 Nf4 15. Bb1 Rc8 16. Qf3 Ng6 17. Bg3 Bd6 18. h4 Ne4 19. Nxe4 Rxc1 20. Rxc1 dxe4 21. Bxe4 Bxe4 22. Qxe4 Bxe5 23. dxe5 Qd2 24. Rc2 Qd1+ 25. Kh2 h5 26. e6 Qg4 27. exf7+ Rxf7 28. Qxg4 hxg4 29. Rc4 Rd7 30. Rxg4 Ne7 31. Be5 g6 32. Bf6 Kf7 33. Bxe7 Rxe7 34. Kg3 Re2 35. Rb4 Kf6 36. Kf3 Rd2 37. Ke3 Rc2 38. g4 Rc1 39. Rf4+ Ke7 40. g5 Rc2 41. Rf6 Rxb2 42. Rxg6 Rb3+ 43. Kf4 Rxa3 44. Rc6 Ra4+ 45. Kf5 Rxh4 46. Rc7+ Kd6 47. Rxa7 b5 48. g6 Rh2 49. f4 Rg2 50. Kf6 Kc6 51. g7 b4 52. Ra8 1-0